<?xml version="1.0" encoding="UTF-8"?>
<collection xmlns="http://www.loc.gov/MARC21/slim">
 <record>
  <leader>01595nam a2200205Ia 4500</leader>
  <controlfield tag="001">TDMU_40230</controlfield>
  <controlfield tag="008">210410s9999    xx            000 0 und d</controlfield>
  <datafield tag="082" ind1=" " ind2=" ">
   <subfield code="a">364.1323</subfield>
  </datafield>
  <datafield tag="090" ind1=" " ind2=" ">
   <subfield code="b">B510</subfield>
  </datafield>
  <datafield tag="100" ind1=" " ind2=" ">
   <subfield code="a">Bùi, Phước Nguyên</subfield>
  </datafield>
  <datafield tag="245" ind1=" " ind2="0">
   <subfield code="a">Phát triển dịch vụ bảo hiểm phi nhân thọ tại Công ty Bảo hiểm BIDV Bình Dương</subfield>
  </datafield>
  <datafield tag="245" ind1=" " ind2="0">
   <subfield code="c">Bùi Phước Nguyên; Lê Bảo Lâm (h.dẫn)</subfield>
  </datafield>
  <datafield tag="260" ind1=" " ind2=" ">
   <subfield code="a">Bình Dương</subfield>
  </datafield>
  <datafield tag="260" ind1=" " ind2=" ">
   <subfield code="c">2019</subfield>
  </datafield>
  <datafield tag="300" ind1=" " ind2=" ">
   <subfield code="a">91 tr.+ Phụ lục</subfield>
  </datafield>
  <datafield tag="520" ind1=" " ind2=" ">
   <subfield code="a">Đồng ý về việc phục vụ đọc trực tuyến, cho chép file; cho photo 100% tài liệu; TM tài liệu tham khảo tr. 83 - 84; Luận văn Thạc sĩ trường Đại học Thủ Dầu Một. Chuyên ngành: Quản trị kinh doanh ; Mã số: 8340101; Luận văn gồm 5 chương: Dẫn nhập Chương; Tổng quan lý thuyết và lược khảo tài liệu; Phương pháp nghiên cứu; Thực trạng về phát triển dịch vụ bảo hiểm phi nhân thọ tại Công ty Bảo hiểm BIDV Bình Dương giai đoạn 2015-2018; Giải pháp phát triển dịch vụ bảo hiểm phi nhân thọ tại Công ty Bảo hiểm BIDV Bình Dương</subfield>
  </datafield>
  <datafield tag="650" ind1=" " ind2=" ">
   <subfield code="a">Bảo hiểm</subfield>
   <subfield code="x">Bảo hiểm phi nhân thọ</subfield>
   <subfield code="z">Công ty Bảo hiểm BIDV (Bình Dương - Việt Nam)</subfield>
  </datafield>
  <datafield tag="700" ind1=" " ind2=" ">
   <subfield code="a">Lê, Bảo Lâm</subfield>
  </datafield>
  <datafield tag="856" ind1=" " ind2=" ">
   <subfield code="u">http://lrc.tdmu.edu.vn/opac/search/detail.asp?aID=2&amp;ID=40230</subfield>
  </datafield>
  <datafield tag="980" ind1=" " ind2=" ">
   <subfield code="a">Trung tâm Học liệu Trường Đại học Thủ Dầu Một</subfield>
  </datafield>
 </record>
</collection>
